00318nam a2200121Ia 4500008004100000100001700041245005300058260004200111300000700153650001200160942000700172999001700179190216s9999||||xx |||||||||||||| ||und|| aSivadasn C.P 0aModern Prose For Colleges(Pre Degree Ii Nd Year) bCalicut University Publicationsc1993 a60 aEnglish cBK c13650d13650